000 00267nam a2200097Ia 4500
082 _a322.42|MAZI
245 0 _aSpring offensive
100 _a MAZIBUKO, Nokuthula Limpopo, South Africa, 2006
_945771
942 _cBK
008 210817s9999 xx 000 0 und d
999 _c168518
_d168517